| 000 | 01280nam a22003617a 4500 | ||
|---|---|---|---|
| 003 | CHAP | ||
| 005 | 20220329134955.0 | ||
| 008 | 971013s1972 r 00010 d | ||
| 010 | _a28903 | ||
| 011 | _a29875 | ||
| 035 | _a33986 | ||
| 040 | _cCHAP | ||
| 090 | _aTesis | ||
| 100 | 0 | 0 |
_aLee Rodríguez, Vicente. _965572 |
| 245 | _aEfecto del manejo de los residuos de las cosechas en la rotación trigo-maíz-algodón, sobre los rendimientos y alguna propiedades físicas de un suelo del Valle del Yaqui | ||
| 260 |
_aChapingo, Méx. : _bEl autor, _c1972 |
||
| 300 | _a70 h. | ||
| 500 | _ac.4 en bodega | ||
| 502 | _aTesis (Maestro en Ciencias. Esp. en Suelos) -- ENA. Colegio de Postgraduados | ||
| 590 |
_aALEPH _b10 _c20130110 _lUCH01 _h1250 |
||
| 590 |
_aBATCH-UPD _b10 _c20130110 _lUCH01 _h1526 |
||
| 590 |
_aBATCH-UPD _b10 _c20130410 _lUCH01 _h0936 |
||
| 590 |
_aBATCH-UPD _b10 _c20130914 _lUCH01 _h2009 |
||
| 590 |
_aCONVERSION _b10 _c20130109 _lUCH01 _h1317 |
||
| 650 | 1 | 4 |
_aRotación de cultivos. _9100243 |
| 650 | 1 | 4 |
_aSuelos _xFísica de. _9110373 |
| 650 | 1 | 4 |
_aSuelos _xSonora. _9110486 |
| 901 | _aBK | ||
| 942 | _cFOLL | ||
| 949 |
_bBC _cTES _d-78806 _eTS1 _i33986 _si |
||
| 949 |
_bBC _cTES _d-78807 _eTS2 _fc.2 _i33986 _si |
||
| 949 |
_bBC _cTES _d-78808 _eTS2 _fc.3 _i33986 _si |
||
| 999 |
_c28903 _d28903 |
||